000
00352 a2200169 4500
001
195422
020
_a
978-85-8979-214-7
040
_c
Magnum
100
_a
Dicker, Leo
240
1
0
_a
Clara e Guto
_l
por
245
1
0
_a
Clara e Guto
300
_a
224
362
0
_a
2022
440
1
_a
Miguilim
697
_a
LITERATURA INFANTO-JUVENIL
942
_c
BK
999
_c
195422
_d
195422